[Event "4NCL Division 4 South"]
[Site "Telford, ENG ENG"]
[Date "2016.02.13"]
[Round "5.198"]
[White "Guha, Chirag"]
[Black "Kolbusz, George"]
[Result "0-1"]
[WhiteElo "1907"]
[BlackElo "1892"]
[PlyCount "72"]
[EventDate "2016.02.13"]
[WhiteTeam "Midland Monarchs 2"]
[BlackTeam "Shropshire 2"]

1. d4 d5 2. Nf3 Nf6 3. c4 c6 4. g3 g6 5. Bg2 Bg7 6. O-O O-O 7. Nc3 Nbd7 8. Nd2
e5 9. dxe5 Nxe5 10. cxd5 cxd5 11. e4 dxe4 12. Ndxe4 Nxe4 13. Bxe4 Nc6 14. Qa4
Be6 15. Be3 a6 16. Bxc6 bxc6 17. Qxc6 Qa5 18. Bb6 Qh5 19. Rac1 Rac8 20. Qh1
Bxc3 21. bxc3 Bxa2 22. Bd4 Bc4 23. Qe4 Bxf1 24. Rxf1 Rfe8 25. Qf4 Re6 26. Rb1
Qh3 27. Qc7 Rce8 28. Be3 Qf5 29. Rb2 Qf3 30. Rb4 Rxe3 31. fxe3 Qxe3+ 32. Kg2
Qe2+ 33. Kh3 Qh5+ 34. Kg2 Re2+ 35. Kf1 Qf3+ 36. Kg1 Qg2# 0-1

[Event "4NCL Division 4 South"]
[Site "Telford, ENG ENG"]
[Date "2016.02.13"]
[Round "5.199"]
[White "Keady, Mark A"]
[Black "Mirza, Gabriel"]
[Result "1-0"]
[WhiteElo "1855"]
[BlackElo "1796"]
[PlyCount "57"]
[EventDate "2016.02.13"]
[WhiteTeam "Shropshire 2"]
[BlackTeam "Midland Monarchs 2"]

1. e4 d6 2. f4 e5 3. Nf3 exf4 4. Bc4 Be6 5. Qe2 g5 6. Bxe6 fxe6 7. Qb5+ Nd7 8.
d4 Be7 9. O-O h5 10. Qxb7 Qb8 11. Qc6 Qb6 12. Qxa8+ Nb8 13. a4 Nh6 14. a5 Qb4
15. c3 Qb5 16. Qxa7 O-O 17. Qxc7 Re8 18. Na3 Qd3 19. e5 Nf5 20. exd6 Nxd6 21.
Ne5 Qe4 22. Bd2 Kg7 23. Rae1 Qa8 24. Nec4 Ne4 25. Qe5+ Nf6 26. Qxg5+ Kh8 27.
Qh6+ Nh7 28. Bxf4 Rg8 29. Be5+ 1-0

[Event "4NCL Division 4 South"]
[Site "Telford, ENG ENG"]
[Date "2016.02.13"]
[Round "5.200"]
[White "Green, Emily"]
[Black "Maydew, Simon"]
[Result "1/2-1/2"]
[WhiteElo "1742"]
[BlackElo "1917"]
[PlyCount "56"]
[EventDate "2016.02.13"]
[WhiteTeam "Midland Monarchs 2"]
[BlackTeam "Shropshire 2"]

1. e4 d5 2. exd5 Qxd5 3. Nc3 Qd6 4. Bc4 Nf6 5. d3 a6 6. Nf3 b5 7. Bb3 Bb7 8.
Qe2 e6 9. Bd2 Nbd7 10. a3 Be7 11. h3 O-O 12. Rg1 c5 13. g4 Rac8 14. Ng5 Nd5 15.
Nge4 Qc6 16. g5 N7b6 17. h4 c4 18. dxc4 Nxc4 19. Bxc4 Qxc4 20. Qxc4 Rxc4 21. f4
Nxc3 22. Nxc3 Bc5 23. Rg3 Bd6 24. Ne2 e5 25. Rd3 Bc7 26. O-O-O exf4 27. b3 Re4
28. Nc3 Re6 1/2-1/2

[Event "4NCL Division 4 South"]
[Site "Telford, ENG ENG"]
[Date "2016.02.13"]
[Round "5.205"]
[White "Campbell, Mark C"]
[Black "Hendy, Jerry"]
[Result "1-0"]
[WhiteElo "1947"]
[BlackElo "1832"]
[PlyCount "47"]
[EventDate "2016.02.13"]
[WhiteTeam "Cambridge University 3"]
[BlackTeam "Throw in the Tal 2"]

1. e4 c5 2. Nf3 d6 3. d4 cxd4 4. Nxd4 Nf6 5. Nc3 a6 6. f4 e6 7. Qf3 Be7 8. Be3
O-O 9. g4 e5 10. Nf5 Bxf5 11. exf5 Nc6 12. O-O-O Rc8 13. g5 Nd7 14. Rg1 exf4
15. Qxf4 Re8 16. g6 Nce5 17. gxh7+ Kh8 18. Qg3 Bf6 19. Nd5 Nc4 20. Nxf6 Qxf6
21. Bd4 Nde5 22. Bxc4 Rxc4 23. Bxe5 dxe5 24. Rd6 1-0

[Event "4NCL Division 4 South"]
[Site "Telford, ENG ENG"]
[Date "2016.02.13"]
[Round "5.206"]
[White "Woolgar, Steven G"]
[Black "Topal, Mahir Onat"]
[Result "1-0"]
[WhiteElo "1690"]
[BlackElo "1997"]
[PlyCount "71"]
[EventDate "2016.02.13"]
[WhiteTeam "Throw in the Tal 2"]
[BlackTeam "Cambridge University 3"]

1. c4 b6 2. Nc3 Nf6 3. Nf3 Bb7 4. e3 c5 5. Be2 g6 6. O-O Bg7 7. d4 cxd4 8. exd4
d5 9. Re1 O-O 10. h3 Nc6 11. Be3 Rc8 12. Rc1 dxc4 13. Bxc4 Nxd4 14. Bxf7+ Rxf7
15. Nxd4 Qd7 16. Qa4 Qxa4 17. Nxa4 Rxc1 18. Rxc1 Bd5 19. b3 e5 20. Nc6 Ne4 21.
Nb4 Bb7 22. Nc6 b5 23. Nb2 a6 24. Nd8 Rd7 25. Nxb7 Rxb7 26. f3 Nd6 27. Nd3 Nf5
28. Bf2 Nd4 29. Rc8+ Kf7 30. Nc5 Ra7 31. Kf1 a5 32. Ne4 Ke7 33. Bh4+ Ke6 34.
Re8+ Kf5 35. Kf2 Rd7 36. g4+ 1-0

[Event "4NCL Division 4 South"]
[Site "Telford, ENG ENG"]
[Date "2016.02.13"]
[Round "5.207"]
[White "Lim, Mark"]
[Black "Olaleye, Oladejo"]
[Result "1/2-1/2"]
[WhiteElo "1825"]
[BlackElo "1748"]
[PlyCount "72"]
[EventDate "2016.02.13"]
[WhiteTeam "Cambridge University 3"]
[BlackTeam "Throw in the Tal 2"]

1. Nf3 Nf6 2. g3 d5 3. Bg2 Nc6 4. O-O e5 5. d3 Be7 6. c4 d4 7. b4 Bxb4 8. Nxe5
O-O 9. Nxc6 bxc6 10. Bxc6 Rb8 11. Bg2 Re8 12. e4 Bc5 13. Nd2 Bd7 14. Nb3 Ba4
15. Bf4 Nd7 16. Rb1 Rb6 17. Qc1 Bxb3 18. Rxb3 Ne5 19. Qc2 Qd7 20. Rfb1 Qg4 21.
Qd1 Qg6 22. Rb5 Rxb5 23. Rxb5 Bd6 24. Bxe5 Bxe5 25. f4 Bd6 26. e5 Bf8 27. Rb7
Qa6 28. Qb1 c6 29. Qb2 Rc8 30. h3 Qa3 31. Kh2 Qc3 32. Qb3 a5 33. Rb6 a4 34. Qb1
Qd2 35. Rb2 Qc3 36. Rb6 Qd2 1/2-1/2

[Event "4NCL Division 4 South"]
[Site "Telford, ENG ENG"]
[Date "2016.02.13"]
[Round "5.208"]
[White "Scott, David"]
[Black "Davis, Holden"]
[Result "1/2-1/2"]
[WhiteElo "1622"]
[BlackElo "1712"]
[PlyCount "77"]
[EventDate "2016.02.13"]
[WhiteTeam "Throw in the Tal 2"]
[BlackTeam "Cambridge University 3"]

1. c4 e5 2. g3 g6 3. Bg2 Bg7 4. Nc3 d6 5. e4 Ne7 6. Nge2 c5 7. d3 Nbc6 8. O-O
O-O 9. Bg5 f6 10. Be3 a6 11. a3 Rb8 12. Nd5 b5 13. b3 Nxd5 14. cxd5 Nd4 15.
Nxd4 cxd4 16. Bd2 Bd7 17. Rc1 Qb6 18. b4 Rfc8 19. Qb3 f5 20. f3 Qb7 21. Rc2
Rxc2 22. Qxc2 Rc8 23. Qb2 Rc7 24. Rc1 fxe4 25. fxe4 Bg4 26. Rxc7 Qxc7 27. Qc1
Qxc1+ 28. Bxc1 Be2 29. Bf1 Bd1 30. Kf2 Bf6 31. Be2 Bxe2 32. Kxe2 Kf7 33. Kf3
Bd8 34. Kg4 h5+ 35. Kf3 g5 36. h3 Kg6 37. Bd2 Be7 38. g4 Bd8 39. Kg3 1/2-1/2

[Event "4NCL Division 4 South"]
[Site "Telford, ENG ENG"]
[Date "2016.02.13"]
[Round "5.209"]
[White "Ivanov, George"]
[Black "Jones, Howard"]
[Result "1/2-1/2"]
[WhiteElo "1658"]
[BlackElo "1585"]
[PlyCount "74"]
[EventDate "2016.02.13"]
[WhiteTeam "Cambridge University 3"]
[BlackTeam "Throw in the Tal 2"]

1. e4 d6 2. d4 Nf6 3. Nc3 g6 4. f3 Bg7 5. Be3 c6 6. Bc4 d5 7. Bb3 Na6 8. e5 Nd7
9. f4 e6 10. Nf3 Nc7 11. Ne2 Nb6 12. Nd2 Bf8 13. c3 Nd7 14. O-O c5 15. Bc2 b6
16. Qe1 Ba6 17. Rf3 Bxe2 18. Qxe2 Qe7 19. c4 O-O-O 20. cxd5 Nxd5 21. Qa6+ Kb8
22. Be4 f5 23. Bxd5 exd5 24. Rc1 Rc8 25. dxc5 Nxc5 26. Bxc5 Rxc5 27. Rfc3 Rxc3
28. Rxc3 Qb7 29. Qd3 Bc5+ 30. Kf1 Bb4 31. Rc2 Bxd2 32. Rxd2 Rd8 33. Qd4 Qd7 34.
Re2 Qe6 35. Rc2 Rc8 36. Rd2 Rd8 37. Rc2 Rc8 1/2-1/2

[Event "4NCL Division 4 South"]
[Site "Telford, ENG ENG"]
[Date "2016.02.13"]
[Round "5.210"]
[White "Sweatman, Paul"]
[Black "Ivanov, Elizabeth"]
[Result "0-1"]
[WhiteElo "1488"]
[BlackElo "1542"]
[PlyCount "48"]
[EventDate "2016.02.13"]
[WhiteTeam "Throw in the Tal 2"]
[BlackTeam "Cambridge University 3"]

1. d4 d5 2. Nf3 Nf6 3. Nc3 c6 4. e3 Bf5 5. Be2 e6 6. a3 h6 7. h3 Nbd7 8. O-O
Qc7 9. Bd2 g5 10. Nh2 Bd6 11. Ng4 Bxg4 12. Bxg4 h5 13. Be2 h4 14. f3 Bh2+ 15.
Kh1 Nh5 16. Be1 Ng3+ 17. Bxg3 hxg3 18. Qd2 O-O-O 19. f4 Rh4 20. fxg5 Rdh8 21.
Bg4 Rxg4 22. hxg4 Qd8 23. e4 Bg1+ 24. Kxg1 Rh1+ 0-1

[Event "4NCL Division 4 South"]
[Site "Telford, ENG ENG"]
[Date "2016.02.13"]
[Round "5.215"]
[White "Lim, Wei Xinq Sean"]
[Black "Balouka-Myers, Raphael"]
[Result "1-0"]
[WhiteElo "1740"]
[BlackElo "1457"]
[PlyCount "63"]
[EventDate "2016.02.13"]
[WhiteTeam "Oxford 3"]
[BlackTeam "Barnet Knights 3"]

1. e4 e6 2. Nf3 d5 3. e5 c5 4. b4 Qb6 5. bxc5 Bxc5 6. d4 Be7 7. Bd3 Nh6 8. O-O
Nf5 9. Re1 Nc6 10. Bxf5 exf5 11. c4 Be6 12. c5 Qc7 13. Nc3 a6 14. Na4 O-O-O 15.
Rb1 Rdg8 16. Nb6+ Kd8 17. Qb3 Na5 18. Qb4 Nc6 19. Qb3 Na5 20. Nxd5 Nxb3 21.
Nxc7 Nxd4 22. Nxe6+ Nxe6 23. Rxb7 g5 24. Rd1+ Kc8 25. Rxe7 g4 26. Nh4 f4 27.
Nf5 Rf8 28. Rdd7 f6 29. Nd6+ Kb8 30. Rb7+ Ka8 31. Ra7+ Kb8 32. Reb7# 1-0

[Event "4NCL Division 4 South"]
[Site "Telford, ENG ENG"]
[Date "2016.02.13"]
[Round "5.216"]
[White "Balouka-Myers, Toby"]
[Black "Riley, Adrian K"]
[Result "0-1"]
[WhiteElo "1465"]
[BlackElo "1595"]
[PlyCount "116"]
[EventDate "2016.02.13"]
[WhiteTeam "Barnet Knights 3"]
[BlackTeam "Oxford 3"]

1. c4 Nf6 2. g3 g6 3. Bg2 Bg7 4. Nc3 O-O 5. e3 c6 6. Nge2 d6 7. O-O Nbd7 8. d4
e5 9. a3 Re8 10. b4 Nb6 11. dxe5 dxe5 12. Qxd8 Rxd8 13. c5 Nbd5 14. Rd1 Be6 15.
Bb2 Nxc3 16. Bxc3 Bc4 17. Bf1 Ne4 18. Bb2 Nd2 19. Re1 Nxf1 20. Kxf1 Rd2 21. Bc3
Rc2 22. Rac1 Rxc1 23. Rxc1 Rd8 24. Ke1 Bxe2 25. Kxe2 f5 26. Rd1 Rxd1 27. Kxd1
Kf7 28. Ke2 Bf6 29. e4 Ke6 30. exf5+ gxf5 31. f3 Be7 32. Ke3 Kd5 33. Kd3 a5 34.
bxa5 Bxc5 35. Bb4 e4+ 36. fxe4+ fxe4+ 37. Kc3 Bg1 38. h3 c5 39. Bxc5 Kxc5 40.
g4 Bf2 41. g5 Bh4 42. g6 hxg6 43. a4 Be7 44. Kd2 Kd4 45. a6 bxa6 46. h4 Bxh4
47. a5 Bd8 48. Ke2 e3 49. Ke1 Kd3 50. Kd1 e2+ 51. Ke1 Bxa5+ 52. Kf2 Kd2 53. Kf3
e1=Q 54. Kf4 Qe3+ 55. Kg4 g5 56. Kf5 Qf4+ 57. Ke6 g4 58. Kd5 g3 0-1

[Event "4NCL Division 4 South"]
[Site "Telford, ENG ENG"]
[Date "2016.02.13"]
[Round "5.217"]
[White "Bentham, Sam"]
[Black "Shaw, Oliver"]
[Result "1-0"]
[WhiteElo "1645"]
[BlackElo "1307"]
[PlyCount "113"]
[EventDate "2016.02.13"]
[WhiteTeam "Oxford 3"]
[BlackTeam "Barnet Knights 3"]

1. c4 e5 2. Nc3 f5 3. g3 Nf6 4. Bg2 Bc5 5. e3 O-O 6. Nge2 d6 7. O-O Be6 8. Bxb7
Nbd7 9. Bxa8 Qxa8 10. d4 Bb4 11. d5 Bf7 12. a3 Bxc3 13. Nxc3 e4 14. Nb5 Qb7 15.
Nd4 Bh5 16. Qb3 Qa8 17. Ne6 Re8 18. Nxc7 Qb8 19. Qxb8 Rxb8 20. b4 Ne5 21. Ne6
Nf3+ 22. Kg2 Kf7 23. Nf4 g5 24. Nxh5 Nxh5 25. Rd1 Kf6 26. Bb2+ Ke7 27. h3 f4
28. exf4 gxf4 29. g4 Rg8 30. Kf1 Nf6 31. Bxf6+ Kxf6 32. c5 Ke7 33. c6 Kd8 34.
Rab1 Ne5 35. Rd4 Nf3 36. Rdd1 Ne5 37. b5 Nc4 38. a4 f3 39. Rd4 Ne5 40. b6 axb6
41. Rxb6 Kc7 42. Rb7+ Kc8 43. Rdb4 Kd8 44. Rb8+ Ke7 45. Rxg8 e3 46. fxe3 f2 47.
Re4 Kf6 48. Rxe5 Kxe5 49. Kxf2 Ke4 50. c7 Ke5 51. c8=Q Ke4 52. Qc4+ Ke5 53.
Re8+ Kf6 54. Qf4+ Kg7 55. Qxd6 h5 56. Re7+ Kg8 57. Qd8# 1-0

[Event "4NCL Division 4 South"]
[Site "Telford, ENG ENG"]
[Date "2016.02.13"]
[Round "5.218"]
[White "Krikler, George"]
[Black "Tselos, Aristotelis"]
[Result "0-1"]
[WhiteElo "1352"]
[BlackElo "1387"]
[PlyCount "44"]
[EventDate "2016.02.13"]
[WhiteTeam "Barnet Knights 3"]
[BlackTeam "Oxford 3"]

1. d4 d5 2. Nf3 Nf6 3. Nc3 e6 4. Bg5 Be7 5. e3 b6 6. Ne5 Bb7 7. Bb5+ c6 8. Bd3
c5 9. Bb5+ Nbd7 10. Bxf6 Bxf6 11. Nxd7 Ke7 12. Nxf6 gxf6 13. dxc5 bxc5 14. O-O
Rg8 15. Bd3 d4 16. Ne2 Rxg2+ 17. Kh1 Qd6 18. Ng3 Rxg3+ 19. f3 Rh3 20. Rf2 dxe3
21. Qf1 Bxf3+ 22. Rg2 Qxh2# 0-1

[Event "4NCL Division 4 South"]
[Site "Telford, ENG ENG"]
[Date "2016.02.13"]
[Round "5.225"]
[White "Szwajkun, Richard"]
[Black "Karia, Kamlesh"]
[Result "1/2-1/2"]
[WhiteElo "1765"]
[BlackElo "1637"]
[PlyCount "100"]
[EventDate "2016.02.13"]
[WhiteTeam "Shropshire 3"]
[BlackTeam "Barnet Knights 2"]

1. d4 d5 2. Nf3 Nf6 3. e3 c6 4. Bd3 Bg4 5. Nbd2 Nbd7 6. h3 Bh5 7. g4 Bg6 8. Qe2
Ne4 9. c4 e6 10. Nb3 a5 11. Bd2 a4 12. Nc1 Bd6 13. c5 Bc7 14. h4 h5 15. g5 Bf5
16. Bxe4 dxe4 17. Ng1 Bg4 18. f3 Bg3+ 19. Kf1 exf3 20. Nxf3 e5 21. Qg2 e4 22.
Qxg3 Bxf3 23. Rh2 Qe7 24. Ne2 Qe6 25. a3 O-O 26. Nf4 Qc4+ 27. Ke1 Qb3 28. Bc3
Rfd8 29. Qf2 Nxc5 30. Qc2 Qxc2 31. Rxc2 Nb3 32. Rb1 c5 33. dxc5 Nxc5 34. Kf2
Rd7 35. Rf1 b6 36. Bd4 Rad8 37. Kg3 Bg4 38. Bxc5 bxc5 39. Rxc5 Rd2 40. Rc4 Rxb2
41. Rxa4 Bf3 42. Rb4 Ra2 43. Rfb1 Rxa3 44. R4b3 Rxb3 45. Rxb3 g6 46. Rb6 Bg4
47. Rb4 Bf5 48. Rd4 Rxd4 49. exd4 Kf8 50. Nd5 Ke8 1/2-1/2

[Event "4NCL Division 4 South"]
[Site "Telford, ENG ENG"]
[Date "2016.02.13"]
[Round "5.226"]
[White "Balouka Myers, Reuben"]
[Black "Mehmood, Athar"]
[Result "1-0"]
[WhiteElo "1667"]
[BlackElo "1742"]
[PlyCount "79"]
[EventDate "2016.02.13"]
[WhiteTeam "Barnet Knights 2"]
[BlackTeam "Shropshire 3"]

1. Nf3 e6 2. d4 Nf6 3. g3 b6 4. Bg2 Bb7 5. c4 Be7 6. Nc3 h6 7. a3 g5 8. b4 g4
9. Nh4 Bxg2 10. Nxg2 d5 11. c5 c6 12. Bf4 bxc5 13. bxc5 Nh5 14. Bd2 Nd7 15. Qa4
Qc8 16. Nf4 Ng7 17. Nd3 Bf6 18. Bf4 Nf5 19. e3 O-O 20. h3 gxh3 21. g4 Ng7 22.
Bxh6 Re8 23. f4 e5 24. dxe5 Bh4+ 25. Kd2 Nf8 26. Rag1 Nfe6 27. Rxh3 Qd8 28.
Rgh1 d4 29. exd4 Nxd4 30. Ke3 Nb5 31. Nxb5 cxb5 32. Qe4 f5 33. gxf5 Bf6 34.
Bxg7 Bxg7 35. f6 Bxf6 36. Qg6+ Kf8 37. Rh8+ Bxh8 38. Rxh8+ Ke7 39. Rh7+ Kf8 40.
Qf7# 1-0

[Event "4NCL Division 4 South"]
[Site "Telford, ENG ENG"]
[Date "2016.02.13"]
[Round "5.227"]
[White "Ross, Stuart"]
[Black "Willmoth, Harrison"]
[Result "1-0"]
[WhiteElo "1675"]
[BlackElo "1667"]
[PlyCount "49"]
[EventDate "2016.02.13"]
[WhiteTeam "Shropshire 3"]
[BlackTeam "Barnet Knights 2"]

1. e4 d6 2. d4 Nf6 3. Nc3 c6 4. f4 Qa5 5. Bd3 e5 6. Nf3 exd4 7. Nxd4 g6 8. h3
Bg7 9. Be3 Qc7 10. Qd2 Nbd7 11. O-O-O O-O 12. f5 b5 13. Bh6 b4 14. Bxg7 Kxg7
15. Na4 d5 16. fxg6 hxg6 17. Qg5 Ne5 18. Nf5+ Bxf5 19. exf5 Nxd3+ 20. Rxd3 Qe5
21. Rf1 Ne4 22. f6+ Qxf6 23. Rxf6 Nxf6 24. Nc5 Rfe8 25. Rd4 1-0

[Event "4NCL Division 4 South"]
[Site "Telford, ENG ENG"]
[Date "2016.02.13"]
[Round "5.228"]
[White "Karia, Devin"]
[Black "Tennant, Stefan H"]
[Result "0-1"]
[WhiteElo "1712"]
[BlackElo "1652"]
[PlyCount "94"]
[EventDate "2016.02.13"]
[WhiteTeam "Barnet Knights 2"]
[BlackTeam "Shropshire 3"]

1. d4 Nf6 2. Nf3 e6 3. Bf4 b6 4. c4 Bb7 5. Nc3 Bb4 6. a3 Bxc3+ 7. bxc3 O-O 8.
e3 d6 9. Be2 Ne4 10. Bd3 Nd7 11. O-O f5 12. Qc2 Rf6 13. d5 e5 14. Bg5 Nxg5 15.
Nxg5 e4 16. Be2 Nc5 17. f3 Rg6 18. Nh3 Qh4 19. Nf4 Rh6 20. h3 g5 21. fxe4 fxe4
22. Nh5 Rxh5 23. Bxh5 Qxh5 24. Qf2 Ba6 25. Qf5 Bxc4 26. Rf4 Qg6 27. Qxg6+ hxg6
28. Rg4 Kg7 29. Rxg5 Rf8 30. h4 Kh6 31. Kh2 Nd7 32. Kg3 Nf6 33. Kf4 Nh7+ 34.
Kxe4 Nxg5+ 35. hxg5+ Kxg5 36. Rd1 Kg4 37. Kd4 b5 38. a4 Bb3 39. Rc1 bxa4 40. c4
Rf2 41. Ra1 a5 42. c5 Rd2+ 43. Kc3 Rc2+ 44. Kd4 Rc4+ 45. Kd3 Rxc5 46. e4 Kg3
47. Rb1 Bc2+ 0-1

[Event "4NCL Division 4 South"]
[Site "Telford, ENG ENG"]
[Date "2016.02.13"]
[Round "5.229"]
[White "Peck, Windsor W A"]
[Black "Atalla, George"]
[Result "1-0"]
[WhiteElo "1532"]
[BlackElo "1615"]
[PlyCount "33"]
[EventDate "2016.02.13"]
[WhiteTeam "Shropshire 3"]
[BlackTeam "Barnet Knights 2"]

1. d4 d5 2. Nf3 Nf6 3. e3 e6 4. Bd3 c5 5. b3 Bd6 6. Bb2 O-O 7. Nbd2 b6 8. O-O
Bb7 9. Ne5 Nc6 10. a3 Nd7 11. f4 f6 12. Bxh7+ Kxh7 13. Qh5+ Kg8 14. Ng6 Kf7 15.
Rf3 Rg8 16. Ne5+ Ke7 17. Qf7# 1-0

[Event "4NCL Division 4 South"]
[Site "Telford, ENG ENG"]
[Date "2016.02.13"]
[Round "5.230"]
[White "Hung, Dylan"]
[Black "Szwajkun, Steve"]
[Result "0-1"]
[WhiteElo "1607"]
[BlackElo "1442"]
[PlyCount "56"]
[EventDate "2016.02.13"]
[WhiteTeam "Barnet Knights 2"]
[BlackTeam "Shropshire 3"]

1. e4 e6 2. d4 d6 3. Nc3 b6 4. f4 Nd7 5. Nf3 g6 6. Bd3 h6 7. O-O Bb7 8. f5 gxf5
9. exf5 exf5 10. Qe2+ Qe7 11. Qxe7+ Nxe7 12. Nh4 O-O-O 13. Nxf5 h5 14. Nxe7+
Bxe7 15. Rxf7 Rhg8 16. Rxe7 Rxg2+ 17. Kf1 Rf8+ 18. Ke1 Kd8 19. Re2 Rg1+ 20. Kd2
c5 21. d5 Ne5 22. Be4 h4 23. b3 Ba6 24. Re1 Rf2+ 25. Kd1 Rxe1+ 26. Kxe1 Rf1+
27. Kd2 Rf2+ 28. Ke3 Ng4# 0-1